000 00673nam a2200205Ia 4500
001 5243
003 GE_BSU
008 181216s||||||||xx |||||||||||||| ||und||
040 _cGE_BSU
080 _a517.85(075.8)
100 _aАкулич, И. Л.
245 _aМатематическое программирование в примерах и задачах:
245 _bУчеб. пособие для студентов эконом.спец. вузов.
260 _aМосква
260 _bВысшая школа
260 _c1985
300 _a317с. 20 см.
653 _aМатематическое программирование
942 _cBK
999 _c38835
_d38835